000 00334nam a2200133Ia 4500
005 20260328101521.0
008 260328s9999||||xx |||||||||||||| ||und||
100 _aKrauel, Jacobo
245 0 _aArquitectura para la Educación /
_cJacobo Krauel
260 _bLinks
300 _a299 p.
650 _aARQUITECTURA - CULTURA
942 _cBK
999 _c9587
_d9587